Datum a čas kvízu
39
Celkem bodů
Celkový počet nahraných bodů na tomto kvízu bez doplňovacích otázek.
11.
Pořadí na kvízu
Konečné umístění týmu na tomto kvízu.
Zaznamenané odpovědi
| # | Otázka | Odpověď | Body | Výsledky |
|---|---|---|---|---|
| 1. | Čtveřice samců kriticky ohrože... | C) sudokopytníci | 1 | |
| 2. | Slovenský premiér Robert Fico... | B) závozník v pekárně | 0 | |
| 3. | Která fiktivní česká loutková... | Hurvínek | 1 | |
| 4. | Který stát překvapivě a bez ko... | B | 1 | |
| 5. | Minulý týden skončilo mistrovs... | třetí | 1 | |
| 6. | Ve filmu Sedm sledujeme detekt... | obžerství | 1 | |
| 7. | Tato fotka je známým interneto... | Americké psycho | 1 | |
| 8. | Karel Kopfrkingl, zaměstnanec... | (tibetský) buddhismus | 0 | |
| 9. | Přiřaďte zločince k jejich fil... | 1B 2C 3A 4D | 0 | |
| 10. | Mladý syn se poprvé přímo zapo... | Kmotr, Mario Puzo | 1 |